00246nam a2200097Ia 4500008004100000100001700041245003000058260004400088300000800132650000800140191201s2010 xx 000 0 und d aCHHABRA, T N 0aHuman Resource Management aN. DelhibDhanpat Rai Pub (P) Ltdc2010 a824 aMBA